Thinking about landscape architecture : (Record no. 3499)
[ view plain ]
| 000 -LEADER | |
|---|---|
| fixed length control field | 00647cam a22001938i 4500 |
| 008 - FIXED-LENGTH DATA ELEMENTS--GENERAL INFORMATION | |
| fixed length control field | 150804s2016 nyu b 001 0 eng |
| 020 ## - INTERNATIONAL STANDARD BOOK NUMBER | |
| ISBN | 9781138847170 (hardback : alk. paper) |
| 020 ## - INTERNATIONAL STANDARD BOOK NUMBER | |
| ISBN | 9781138847187 (pbk. : alk. paper) |
| 020 ## - INTERNATIONAL STANDARD BOOK NUMBER | |
| ISBN | 9781315726939 (ebook) |
| 100 1# - MAIN ENTRY--AUTHOR | |
| Author | Sharky, Bruce, |
| 245 10 - TITLE STATEMENT | |
| Title | Thinking about landscape architecture : |
| Remainder of title | principles of a design profession for the 21st century / |
| Statement of responsibility, etc | Bruce Sharky. |
| 260 ## - PUBLICATION, DISTRIBUTION, ETC. (IMPRINT) | |
| Place of publication | Oxon |
| Name of publisher | Routtedge, Taylor an frances group |
| Date of publication | 2016 |
| 300 ## - COLLATION | |
| Pagination | xix, 220p. |
| 650 #0 - TRACINGS | |
| Main Subject | Landscape design. |
| 650 #0 - TRACINGS | |
| Main Subject | Landscape architecture. |
| 942 ## - ADDED ENTRY ELEMENTS (KOHA) | |
| Item type | Books |
| 050 00 - LIBRARY OF CONGRESS CALL NUMBER | |
| Classification number | SB472.45 |
| Item number | .S53 2016 |
| 082 00 - DEWEY DECIMAL CLASSIFICATION NUMBER | |
| Classification number | 712 |
| Source of classification or shelving scheme | Not for loan | Permanent location | Current location | Date acquired | Accession No. | Full call number | Barcode. | Koha item type |
|---|---|---|---|---|---|---|---|---|
| Library of Congress Classification | Samuel Ogbemudia Main Library, University of Abuja | Samuel Ogbemudia Main Library, University of Abuja | 05/14/2025 | 2024/64317 | SB472.45.S53 | 2025-1969 | Books |